书目信息 |
| 题名: |
导游考试模拟试题
|
|
| 作者: | 史广峰 编 | |
| 分册: | ||
| 出版信息: | 北京 中国旅游出版社 2006 |
|
| 页数: | 350页 | |
| 开本: | 20cm | |
| 丛书名: | ||
| 单 册: | ||
| 中图分类: | F590.63 | |
| 科图分类: | ||
| 主题词: | 导游--资格考核--习题 | |
| 电子资源: | ||
| ISBN: | 7-5032-2856-3 | |
| 000 | 00561nam0 2200193 450 | |
| 001 | 0732503137 | |
| 005 | 20070714154131.51 | |
| 010 | @a7-5032-2856-3@dCNY18.00 | |
| 100 | @a20070714d2006 km y0chiy0120 ea | |
| 101 | 0 | @achi |
| 102 | @aCN@b110000 | |
| 200 | 1 | @a导游考试模拟试题@Adao you kao shi mo ni shi ti@f史广峰编@Fshi guang feng bian |
| 210 | @a北京@c中国旅游出版社@d2006 | |
| 215 | @a350页@d20cm | |
| 606 | 0 | @a导游@x资格考核@x习题 |
| 690 | @aF590.63@v3 | |
| 701 | 0 | @a史广峰@Ashi guang feng@4编 |
| 801 | 0 | @aCN@bPFT@c20070714 |
| 905 | @a10447@dF590.63@e152 | |
| 导游考试模拟试题/史广峰编.-北京:中国旅游出版社,2006 |
| 350页;20cm |
| ISBN 7-5032-2856-3:CNY18.00 |
| ● |
| 相关链接 |
|
|
|
|
正题名:导游考试模拟试题
索取号:F590.63/152
 
预约/预借
| 序号 | 登录号 | 条形码 | 馆藏地/架位号 | 状态 | 备注 |
| 1 | 0779298 | 207792986 | 第一样本阅览室/ [索取号:F590.63/152] | 在馆 |